logo

Bir Sreshtho Munshi Abdur Rouf Library
Jhenaidah Cadet College

William Shakespeare : The merchant of Venice, notes / (Record no. 5785)

MARC details
000 -LEADER
fixed length control field 00721nam a2200265 a 4500
001 - CONTROL NUMBER
JCCL Control Number 5785
003 - CONTROL NUMBER IDENTIFIER
JCCL marc code UkOxU
005 - DATE AND TIME OF LATEST TRANSACTION
control field 20171221162149.0
008 - FIXED-LENGTH DATA ELEMENTS--GENERAL INFORMATION
fixed length control field 890906s1981 enk 000 0 eng d
020 ## - INTERNATIONAL STANDARD BOOK NUMBER
International Standard Book Number 822000520
035 ## - SYSTEM CONTROL NUMBER
system control number (BD-JhCC)5785
040 ## - CATALOGING SOURCE
Original cataloging agency BD-JhCC
Modifying agency BD-JhCC
041 ## - LANGUAGE CODE
Language code of Book eng
082 ## - DEWEY DECIMAL CLASSIFICATION NUMBER
Classification number 822.33
Author mark and Year ROB
100 1# - MAIN ENTRY--PERSONAL NAME
Personal name Kiberd, Declan.
245 10 - TITLE STATEMENT
Title William Shakespeare : The merchant of Venice, notes /
Statement of responsibility, etc by Declan Kiberd
260 ## - PUBLICATION, DISTRIBUTION, ETC. (IMPRINT)
Place of publication, distribution, etc London :
Name of publisher, distributor, etc Longman,
Date of publication, distribution, etc 1981
300 ## - PHYSICAL DESCRIPTION
Pagination 99 p ;
Dimensions 21 cm
490 1# - SERIES STATEMENT
Series statement York notes ;
Volume number/sequential designation 107
500 ## - GENERAL NOTE
General note Bibliography: p. 76
600 10 - SUBJECT ADDED ENTRY--PERSONAL NAME
Personal name Shakespeare, William,
Dates associated with a name 1564-1616.
Title of a work Merchant of Venice.
830 #0 - SERIES ADDED ENTRY--UNIFORM TITLE
Uniform title York notes ;
Volume number/sequential designation 107.
942 ## - ADDED ENTRY ELEMENTS (KOHA)
Source of classification or shelving scheme Dewey Decimal Classification
Koha item type Books
Holdings
Source of classification or shelving scheme Damaged status Not for loan Home library Current library Shelving location Date of accession Total Checkouts Full call number Barcode Date last seen Copy number Koha item type
Dewey Decimal Classification     JCC Rouf Library JCC Rouf Library General Stacks 12/21/2017   822.33 ROB 1981 7850 12/21/2017 C - 1 Books

JCC Library | Contacts | JCC Home

Last Update on 23 September 2017
Copyright @ 2017-2020 JCC Rouf Library
Rouf Library, Jhenidah Cadet College (JCC), Bangladesh